AH International Schools' Libraries

The World's Worst Pets / (Record no. 49591)

MARC details
000 -LEADER
fixed length control field 01555nam a2200145 4500
020 ## - INTERNATIONAL STANDARD BOOK NUMBER
International Standard Book Number 978-0008499778
100 ## - MAIN ENTRY--PERSONAL NAME
Personal name Walliams, David,
Relator term author.
9 (RLIN) 53690
245 ## - TITLE STATEMENT
Title The World's Worst Pets /
Statement of responsibility, etc by David Walliam, Illustrated by Adam Stower.
260 ## - PUBLICATION, DISTRIBUTION, ETC. (IMPRINT)
Place of publication, distribution, etc London:
Name of publisher, distributor, etc HarperCollins Children’sBooks;
Date of publication, distribution, etc April 28, 2022.
300 ## - PHYSICAL DESCRIPTION
Extent 312 pages.
Dimensions 6.02 x 0.71 x 7.87 inches.
490 ## - SERIES STATEMENT
Series statement The World's Worst:
Volume number/sequential designation 6 of 8
500 ## - GENERAL NOTE
General note E WARNED! AWFUL ANIMALS LURK INSIDE...<br/><br/>Millions of readers have loved The World's Worst Children , The World's Worst Teachers and The World's Worst Parents - now they will delight in this ludicrously laugh-out-loud collection of pets, brought to you by the phenomenal Number One bestselling author David Walli. ams, with every ams, story illustrated in vibrant colour by Adam Stower.<br/><br/>These ten tales of the world's craziest creatures will have you shaking with laughter. You'll never look at pets in the same way again!<br/><br/>Marvel at Houdini, the magician's rabbit. Take a trip around the world with Zoom, the supersonic tortoise. Gasp at the chaos created by Griselda, a grizzly bear with a big secret. And RUN FOR YOUR LIVES! It's Furp, the monstrous goldfish!<br/><br/>Good pets, bad pets, supervillain pets, pets as big as a house and pets that could eat you in one gulp - these are the most hilarious and horrendous animals around.<br/><br/>David Walliams was most recently Children's #1 bestseller for six weeks with Gangsta Granny Strikes Again! (TCM chart: from 20 Nov 2021).
650 ## - SUBJECT ADDED ENTRY--TOPICAL TERM
9 (RLIN) 3497
Topical term or geographic name as entry element Humorous stories.
942 ## - ADDED ENTRY ELEMENTS (KOHA)
Source of classification or shelving scheme
Koha item type Book
Holdings
Withdrawn status Lost status Source of classification or shelving scheme Damaged status Not for loan Home library Current library Date acquired Total Checkouts Full call number Barcode Date last seen Date checked out Price effective from Koha item type
          Logos International School Logos International School 10/02/2025 7 J FIC WAL 041765 02/09/2026 02/02/2026 10/02/2025 Book

For any Logos Library related questions please contact Miss Art at swongnarasuk@asianhope.org.

For any Asian Hope Library related questions please contact Miss Raza at graza@asianhope.org.

Powered by Koha